Normal view
MARC view
- Baillie, Eileen
Entry Personal Name
001 - CONTROL NUMBER
- control field: 107800
003 - CONTROL NUMBER IDENTIFIER
- control field: NUST
005 - DATE AND TIME OF LATEST TRANSACTION
- control field: 20230126150934.0
008 - FIXED-LENGTH DATA ELEMENTS
- fixed length control field: 230126|| aca||aabn | a|a d
040 ## - CATALOGING SOURCE
- Original cataloging agency: NUST
- Transcribing agency: NUST
100 ## - HEADING--PERSONAL NAME
- Personal name: Baillie, Eileen
670 ## - SOURCE DATA FOUND
- Source citation: Work cat.: (NUST)186064: Baillie, Eileen., The shabby paradise; the autobiography of a decade /, [1958]
